000 00286nam a2200121Ia 4500
008 190216s9999||||xx |||||||||||||| ||und||
100 _aAswathappa
245 0 _aLeagal Environment Of Business
260 _bHimalaya Publishing House
300 _a485
650 _aCommerce
942 _cBK
999 _c6035
_d6035